[Event "Asia zt 3.2"]
[Site "Dhaka"]
[Date "2023.05.09"]
[Round "8"]
[White "Tutul, Dhar"]
[Black "Mohammed Abdul, Malek"]
[Result "0-1"]
[WhiteElo "1951"]
[BlackElo "2087"]
[PlyCount "102"]
[EventDate "2023.05.02"]
[EventType "swiss"]
[EventRounds "9"]
[EventCountry "BAN"]
[SourceTitle "CBM 214 Extra"]
[Source "ChessBase"]
[SourceDate "2023.07.31"]
[SourceVersion "1"]
[SourceVersionDate "2023.07.31"]
[SourceQuality "1"]

1. d4 Nf6 2. Nf3 g6 3. c4 Bg7 4. g3 0-0 5. Bg2 d6 6. Nc3 Nbd7 7. 0-0 e5 8. e4 a5 9. d5 Nc5 10. Qc2 Nh5 11. Be3 b6 12. Nd2 f5 13. f3 f4 14. Bxc5 bxc5 15. g4 Nf6 16. a4 h6 17. Nb5 Nh7 18. Rf2 h5 19. h3 Bf6 20. Nf1 Bh4 21. Rd2 Rf7 22. Qd1 hxg4 23. fxg4 Ng5 24. Nh2 Bg3 25. Nf1 Bh4 26. Nh2 Qf6 27. Rd3 Bg3 28. Raa3 Bxh2+ 29. Kxh2 f3 30. Bxf3 Qf4+ 31. Kg2 Nxh3 32. Qd2 Bxg4 33. Qxf4 Nxf4+ 34. Kg3 Nxd3 35. Bxg4 Nf4 36. Rb3 Rb8 37. Re3 Kg7 38. b3 Kf6 39. Re1 Rh8 40. Rf1 Kg5 41. Re1 Rh4 42. Bc8 Nd3 43. Re3 Nf2 44. Be6 Nh1+ 45. Kg2 Rf2+ 46. Kg1 Rhh2 47. Bh3 Kf4 48. Rc3 Ng3 49. Bf1 Rb2 50. Rxg3 Kxg3 51. Nxc7 Rb1 0-1

[Event "Asia zt 3.2"]
[Site "Dhaka"]
[Date "2023.05.04"]
[Round "3"]
[White "Md Abzid, Rahman"]
[Black "Tutul, Dhar"]
[Result "1-0"]
[WhiteElo "2083"]
[BlackElo "1951"]
[PlyCount "75"]
[EventDate "2023.05.02"]
[EventType "swiss"]
[EventRounds "9"]
[EventCountry "BAN"]
[SourceTitle "CBM 214 Extra"]
[Source "ChessBase"]
[SourceDate "2023.07.31"]
[SourceVersion "1"]
[SourceVersionDate "2023.07.31"]
[SourceQuality "1"]

1. d4 Nf6 2. Nf3 e6 3. e3 b6 4. Bd3 Bb7 5. 0-0 Be7 6. b3 0-0 7. Bb2 Ne4 8. c4 f5 9. Qc2 d5 10. cxd5 exd5 11. Ne5 Na6 12. a3 c5 13. f3 Nd6 14. Qe2 Nb8 15. Nc3 Nd7 16. Ba6 Nf6 17. Bxb7 Nxb7 18. Rfd1 Na5 19. dxc5 Nxb3 20. Nxd5 Nxd5 21. Qc4 Na5 22. Qa2 Kh8 23. Rxd5 Qe8 24. cxb6 axb6 25. Nd7 Bc5 26. Nxf8 Qxe3+ 27. Kh1 Rxf8 28. Rd7 Rg8 29. Rad1 h6 30. Qf7 Qg5 31. Rd8 Rxd8 32. Rxd8+ Kh7 33. Qg8+ Kg6 34. Qxg7+ Kh5 35. Qf7+ Qg6 36. g4+ fxg4 37. fxg4+ Kg5 38. Rd5+ 1-0

[Event "BAN-chB 47th"]
[Site "Dhaka"]
[Date "2022.10.28"]
[Round "2"]
[White "Tutul, Dhar"]
[Black "Md, Eftekhar Alam"]
[Result "1-0"]
[WhiteElo "1992"]
[BlackElo "1808"]
[PlyCount "65"]
[EventDate "2022.10.27"]
[EventType "swiss"]
[EventRounds "11"]
[EventCountry "BAN"]
[SourceTitle "EXT 2024"]
[Source "ChessBase"]
[SourceDate "2023.10.10"]
[SourceVersion "1"]
[SourceVersionDate "2023.10.10"]
[SourceQuality "1"]

1. d4 Nf6 2. c4 e6 3. g3 Bb4+ 4. Nd2 0-0 5. Bg2 d5 6. Ngf3 b6 7. 0-0 Bb7 8. a3 Be7 9. Ne5 Nbd7 10. cxd5 exd5 11. Ndf3 Ne4 12. b4 a5 13. b5 Nxe5 14. Nxe5 Qe8 15. a4 f6 16. Nd3 Bd6 17. Qb3 Kh8 18. Rd1 Qe7 19. Bf4 Bxf4 20. Nxf4 g5 21. Nd3 Kg7 22. Rac1 h5 23. e3 h4 24. gxh4 Rh8 25. hxg5 fxg5 26. Bxe4 dxe4 27. Ne5 Raf8 28. Qc3 Qf6 29. Qd2 Bc8 30. Rxc7+ Kg8 31. Rc6 Be6 32. d5 Qh6 33. f4 1-0

[Event "Dhaka Metropolis op U2100"]
[Site "Dhaka"]
[Date "2022.10.25"]
[Round "9"]
[White "Tutul, Dhar"]
[Black "Chowdhury, Shamsul Kabir"]
[Result "1-0"]
[WhiteElo "1992"]
[BlackElo "1727"]
[PlyCount "135"]
[EventDate "2022.10.17"]
[EventType "swiss"]
[EventRounds "9"]
[EventCountry "BAN"]
[SourceTitle "EXT 2024"]
[Source "ChessBase"]
[SourceDate "2023.10.10"]
[SourceVersion "1"]
[SourceVersionDate "2023.10.10"]
[SourceQuality "1"]

1. d4 d5 2. c4 c6 3. g3 Bf5 4. Bg2 Be4 5. Bxe4 dxe4 6. Nc3 f5 7. e3 e6 8. Nge2 Bd6 9. Bd2 Nf6 10. Qb3 Qb6 11. c5 Qxb3 12. axb3 Bc7 13. b4 Nbd7 14. b5 Ke7 15. 0-0 g5 16. bxc6 bxc6 17. Ra6 Nb8 18. Ra4 a6 19. b4 Ra7 20. b5 cxb5 21. Nxb5 Rb7 22. Nxc7 Rxc7 23. Rb1 Nd5 24. Nc3 h5 25. Nxd5+ exd5 26. Rb6 h4 27. Rg6 Kf7 28. Rd6 Rb7 29. Rb4 Rxb4 30. Bxb4 h3 31. Ba5 Rc8 32. Rxd5 Nc6 33. Bb6 a5 34. Rd7+ Ke8 35. Rh7 g4 36. d5 Ne5 37. Rh8+ Kd7 38. c6+ Nxc6 39. Rxc8 Kxc8 40. dxc6 a4 41. Kf1 a3 42. Ke2 a2 43. Bd4 Kc7 44. Kd2 Kxc6 45. Kc2 Kd6 46. Kb3 Kd5 47. Kb4 Kd6 48. Kc4 Kc6 49. Ba1 Kd6 50. Kd4 Ke6 51. Kc5 Kf7 52. Kd6 Kg6 53. Ke6 Kg5 54. Ke5 f4 55. exf4+ Kg6 56. Kxe4 Kf7 57. f5 Kf8 58. Kf4 Kf7 59. Kxg4 Kf8 60. f6 Kf7 61. Kf5 Kf8 62. g4 Ke8 63. g5 Kf8 64. g6 Ke8 65. Ke6 Kf8 66. g7+ Kg8 67. f7+ Kh7 68. g8Q+ 1-0

[Event "Dhaka Metropolis op U2100"]
[Site "Dhaka"]
[Date "2022.10.18"]
[Round "2"]
[White "Salehin, Sumon"]
[Black "Tutul, Dhar"]
[Result "0-1"]
[WhiteElo "1711"]
[BlackElo "1992"]
[PlyCount "58"]
[EventDate "2022.10.17"]
[EventType "swiss"]
[EventRounds "9"]
[EventCountry "BAN"]
[SourceTitle "EXT 2024"]
[Source "ChessBase"]
[SourceDate "2023.10.10"]
[SourceVersion "1"]
[SourceVersionDate "2023.10.10"]
[SourceQuality "1"]

1. d4 Nf6 2. Nf3 e6 3. Bf4 b6 4. e3 Bb7 5. Nbd2 d5 6. Bd3 Bd6 7. Ne5 0-0 8. c3 c5 9. g4 Nc6 10. g5 Bxe5 11. dxe5 Nd7 12. Nf3 Qe7 13. Qc2 g6 14. h4 c4 15. Be2 b5 16. h5 b4 17. hxg6 hxg6 18. 0-0-0 a5 19. Qd2 Nc5 20. Nd4 Ne4 21. Qe1 bxc3 22. f3 cxb2+ 23. Kb1 Nxd4 24. fxe4 Nxe2 25. Qxe2 c3 26. exd5 Bxd5 27. e4 Bb7 28. Rh4 Rac8 29. Kc2 Qb4 0-1

[Event "Dhaka Chowdhury Memorial op-B 2nd"]
[Site "Dhaka"]
[Date "2022.07.08"]
[Round "9"]
[White "Abdul, Momin"]
[Black "Tutul, Dhar"]
[Result "1/2-1/2"]
[WhiteElo "1915"]
[BlackElo "1945"]
[PlyCount "79"]
[EventDate "2022.07.02"]
[EventType "swiss"]
[EventRounds "9"]
[EventCountry "BAN"]
[SourceTitle "EXT 2023"]
[Source "ChessBase"]
[SourceDate "2022.10.05"]
[SourceVersion "1"]
[SourceVersionDate "2022.10.05"]
[SourceQuality "1"]

1. e4 e6 2. d4 d5 3. e5 c5 4. c3 Nc6 5. Nf3 Bd7 6. a3 a6 7. Be2 Nge7 8. 0-0 Nf5 9. Bd3 cxd4 10. Bxf5 exf5 11. cxd4 Be7 12. Nc3 Be6 13. Na4 0-0 14. b4 h6 15. Bb2 Rc8 16. Nc5 Qb6 17. Rb1 Qa7 18. Qd3 Nb8 19. Rbc1 Nd7 20. Rc2 b6 21. Nxe6 fxe6 22. Rfc1 Qb7 23. Rc3 b5 24. Qc2 Rc4 25. Nd2 Rxc3 26. Qxc3 Nb6 27. Qc6 Qxc6 28. Rxc6 Na4 29. Bc1 Kf7 30. Nb3 Ra8 31. Kf1 Ra7 32. Ke2 Bd8 33. Nc5 Nxc5 34. dxc5 Bc7 35. f4 Ke7 36. h4 Kd7 37. Rd6+ Bxd6 38. exd6 a5 39. Bd2 axb4 40. Bxb4 1/2-1/2

[Event "Dhaka Chowdhury Memorial op-B 2nd"]
[Site "Dhaka"]
[Date "2022.07.07"]
[Round "8"]
[White "Tutul, Dhar"]
[Black "Ahmed, Feroz"]
[Result "1/2-1/2"]
[WhiteElo "1945"]
[BlackElo "1976"]
[PlyCount "88"]
[EventDate "2022.07.02"]
[EventType "swiss"]
[EventRounds "9"]
[EventCountry "BAN"]
[SourceTitle "EXT 2023"]
[Source "ChessBase"]
[SourceDate "2022.10.05"]
[SourceVersion "1"]
[SourceVersionDate "2022.10.05"]
[SourceQuality "1"]

1. e4 c5 2. Nf3 Nc6 3. d4 cxd4 4. Nxd4 e6 5. c4 a6 6. Nxc6 bxc6 7. Be3 Rb8 8. Qc2 Nf6 9. Be2 d5 10. exd5 cxd5 11. 0-0 Be7 12. Bf4 Ra8 13. Bf3 0-0 14. Nc3 Bb7 15. Rad1 Rc8 16. Qb3 Qd7 17. cxd5 exd5 18. Nxd5 Bxd5 19. Bxd5 Qf5 20. Bg3 h5 21. Bb7 Rb8 22. Bxb8 Rxb8 23. Be4 Qe5 24. Qc4 Qxe4 25. Qxe4 Nxe4 26. Rfe1 f5 27. Rd5 Rxb2 28. Rxf5 Bc5 29. Kf1 g6 30. Rf4 Nxf2 31. Re8+ Kg7 32. Rc8 Be3 33. Rff8 Ng4 34. h4 Rxa2 35. Rg8+ Kf7 36. Rcf8+ Ke7 37. Re8+ Kd7 38. Rd8+ Ke7 39. Rde8+ Kf6 40. Rgf8+ Kg7 41. Rg8+ Kf7 42. Rgf8+ Kg7 43. Rg8+ Kf6 44. Rgf8+ Kg7 1/2-1/2

[Event "Dhaka Chowdhury Memorial op-B 2nd"]
[Site "Dhaka"]
[Date "2022.07.04"]
[Round "4"]
[White "Tutul, Dhar"]
[Black "Mohammed, Salim"]
[Result "1-0"]
[WhiteElo "1945"]
[BlackElo "1843"]
[PlyCount "89"]
[EventDate "2022.07.02"]
[EventType "swiss"]
[EventRounds "9"]
[EventCountry "BAN"]
[SourceTitle "EXT 2023"]
[Source "ChessBase"]
[SourceDate "2022.10.05"]
[SourceVersion "1"]
[SourceVersionDate "2022.10.05"]
[SourceQuality "1"]

1. d4 Nf6 2. Nf3 e6 3. c4 c6 4. g3 d5 5. Bg2 Nbd7 6. 0-0 Be7 7. Qc2 0-0 8. Rd1 Re8 9. Nbd2 Nf8 10. e4 dxe4 11. Nxe4 Nxe4 12. Qxe4 Bf6 13. Bf4 a5 14. Be5 a4 15. b4 axb3 16. axb3 Rxa1 17. Rxa1 Bxe5 18. Nxe5 Nd7 19. Nf3 Qb6 20. Qe3 h6 21. c5 Qc7 22. Nd2 Nf6 23. Nc4 Rd8 24. b4 Bd7 25. Qe5 Qb8 26. Qxb8 Rxb8 27. Ra7 Kf8 28. Nd6 b6 29. b5 bxc5 30. dxc5 cxb5 31. c6 Bxc6 32. Bxc6 b4 33. Rxf7+ Kg8 34. Rb7 Rd8 35. Ne4 Rd4 36. Nxf6+ gxf6 37. h4 f5 38. f4 Kf8 39. Ba4 Re4 40. Kf2 Rd4 41. Bb3 Re4 42. Rh7 e5 43. Rf7+ Ke8 44. Rxf5 exf4 45. Rxf4 1-0

[Event "Dhaka Walton op"]
[Site "Dhaka"]
[Date "2022.04.10"]
[Round "7"]
[White "Tutul, Dhar"]
[Black "Chowdhury, Sohel"]
[Result "1/2-1/2"]
[WhiteElo "1983"]
[BlackElo "2064"]
[PlyCount "60"]
[EventDate "2022.04.04"]
[EventType "swiss"]
[EventRounds "9"]
[EventCountry "BAN"]
[SourceTitle "CBM 207 Extra"]
[Source "ChessBase"]
[SourceDate "2022.05.31"]
[SourceVersion "1"]
[SourceVersionDate "2022.05.31"]
[SourceQuality "1"]

1. d4 d5 2. Bf4 e6 3. e3 Bd6 4. Bg3 c5 5. c3 Nf6 6. Nf3 Ne4 7. Nbd2 Nxg3 8. hxg3 Nc6 9. Bb5 Bd7 10. Qe2 a6 11. Ba4 cxd4 12. exd4 h6 13. g4 Be7 14. Bxc6 Bxc6 15. Ne5 Bf6 16. f4 Qc7 17. g5 Bxe5 18. Qxe5 Qxe5+ 19. fxe5 Ke7 20. gxh6 gxh6 21. Rh3 Rag8 22. Kf2 Rg6 23. Rah1 Ba4 24. b3 Bc6 25. Nf3 Bb5 26. Nh4 Rg4 27. Rf3 Re4 28. Re3 Rxe3 29. Kxe3 Rg8 30. Rh3 Rg4 1/2-1/2

[Event "Dhaka Walton op"]
[Site "Dhaka"]
[Date "2022.04.07"]
[Round "4"]
[White "Md Sohel, Rana"]
[Black "Tutul, Dhar"]
[Result "0-1"]
[WhiteElo "1774"]
[BlackElo "1983"]
[PlyCount "46"]
[EventDate "2022.04.04"]
[EventType "swiss"]
[EventRounds "9"]
[EventCountry "BAN"]
[SourceTitle "CBM 207 Extra"]
[Source "ChessBase"]
[SourceDate "2022.05.31"]
[SourceVersion "1"]
[SourceVersionDate "2022.05.31"]
[SourceQuality "1"]

1. d4 Nf6 2. c4 e6 3. a3 Be7 4. Nd2 d5 5. e3 0-0 6. b4 dxc4 7. Bxc4 a5 8. b5 Nbd7 9. Ngf3 b6 10. 0-0 Bb7 11. Bb2 c5 12. bxc6 Bxc6 13. a4 Nd5 14. Nb1 Rc8 15. Ba6 Rc7 16. Na3 Qa8 17. Bb5 Rfc8 18. Qb3 Bxa3 19. Bxc6 Bxb2 20. Qxb2 Qxc6 21. Qb3 Qc2 22. Qb5 Qc4 23. Rfb1 Nc3 0-1

[Event "Dhaka Al Mahmud Memorial"]
[Site "Dhaka"]
[Date "2022.02.13"]
[Round "9"]
[White "Subrota, Biswas"]
[Black "Tutul, Dhar"]
[Result "1-0"]
[WhiteElo "2202"]
[BlackElo "1985"]
[PlyCount "77"]
[EventDate "2022.02.05"]
[EventType "swiss"]
[EventRounds "9"]
[EventCountry "BAN"]
[SourceTitle "CBM 206 Extra"]
[Source "ChessBase"]
[SourceDate "2022.03.31"]
[SourceVersion "1"]
[SourceVersionDate "2022.03.31"]
[SourceQuality "1"]

1. e4 c6 2. d4 d5 3. e5 Bf5 4. Nf3 e6 5. Be2 c5 6. Be3 Ne7 7. dxc5 Nec6 8. Nd4 Nxd4 9. Bxd4 Nc6 10. Bb5 Qa5+ 11. Nc3 a6 12. Bxc6+ bxc6 13. a3 h5 14. b4 Qc7 15. 0-0 h4 16. f4 Be7 17. Na4 h3 18. g3 g6 19. Qe2 g5 20. Nb6 Ra7 21. c4 Be4 22. cxd5 cxd5 23. Nc4 Bg2 24. Nd6+ Kf8 25. fxg5 Bxg5 26. Be3 Bxe3+ 27. Qxe3 Qc6 28. Rf2 Rh5 29. Qf4 Rh7 30. Qf6 Rd7 31. Qxe6 Re7 32. Qf5 Rg7 33. e6 Be4 34. Qf6 d4 35. exf7 Qa8 36. Re1 d3 37. Rxe4 Rexf7 38. Qe7+ Kg8 39. Rxf7 1-0

[Event "BAN-chB 46th"]
[Site "Dhaka"]
[Date "2021.12.20"]
[Round "6"]
[White "Tutul, Dhar"]
[Black "Nayem, Haque"]
[Result "0-1"]
[WhiteElo "1823"]
[BlackElo "2091"]
[PlyCount "65"]
[EventDate "2021.12.15"]
[EventType "swiss"]
[EventRounds "9"]
[EventCountry "BAN"]
[SourceTitle "CBM 206 Extra"]
[Source "ChessBase"]
[SourceDate "2022.03.31"]
[SourceVersion "1"]
[SourceVersionDate "2022.03.31"]
[SourceQuality "1"]

1. d4 Nf6 2. c4 e6 3. Nc3 Bb4 4. e3 d5 5. Bd2 c5 6. a3 Bxc3 7. Bxc3 Ne4 8. Rc1 Nxc3 9. Rxc3 cxd4 10. exd4 Nc6 11. Nf3 0-0 12. Bd3 dxc4 13. Bxc4 Ne7 14. 0-0 b6 15. Ne5 Bb7 16. Qg4 Nf5 17. Bd3 Qxd4 18. Bxf5 Qxe5 19. Bxh7+ Kxh7 20. Rh3+ Kg8 21. Qh4 f5 22. Rd1 Rad8 23. Rc1 Rd7 24. Qh7+ Kf7 25. Qh5+ g6 26. Qg5 Rh8 27. Rg3 Qf6 28. Qf4 Qh4 29. Qxh4 Rxh4 30. Rgc3 Rhd4 31. h4 Rxh4 32. Rc7 Rhd4 33. Kh2 0-1

[Event "BAN Games 9th"]
[Site "Dhaka"]
[Date "2021.04.07"]
[Round "4.1"]
[White "Md, Hadiuzzaman"]
[Black "Tutul, Dhar"]
[Result "0-1"]
[WhiteElo "1904"]
[BlackElo "1826"]
[PlyCount "108"]
[EventDate "2021.04.04"]
[EventType "team-swiss"]
[EventRounds "5"]
[EventCountry "BAN"]
[SourceTitle "CBM 202 Extra"]
[Source "ChessBase"]
[SourceDate "2021.07.31"]
[SourceVersion "1"]
[SourceVersionDate "2021.07.31"]
[SourceQuality "1"]
[WhiteTeam "Khulna Division"]
[BlackTeam "Sylhet Division"]
[WhiteTeamCountry "BAN"]
[BlackTeamCountry "BAN"]

1. d4 Nf6 2. Nf3 b6 3. e3 Bb7 4. Be2 e6 5. c4 Be7 6. Nc3 d5 7. 0-0 Nbd7 8. b3 0-0 9. Bb2 Re8 10. Rc1 c5 11. cxd5 exd5 12. Bb5 a6 13. Bxd7 Qxd7 14. Ne5 Qe6 15. Ne2 Bd6 16. Nf4 Qe7 17. Nh5 Nxh5 18. Qxh5 Rac8 19. Nf3 c4 20. Qf5 Qe6 21. Qc2 b5 22. Rcd1 a5 23. h3 b4 24. Rfe1 c3 25. Bc1 h6 26. Nh2 f5 27. f4 Ba6 28. Nf3 Qe4 29. Qf2 Bd3 30. Ne5 Bxe5 31. dxe5 a4 32. Kh2 axb3 33. axb3 Ra8 34. Qg3 Re6 35. h4 Ra2 36. h5 Rea6 37. Rg1 Re2 38. Rge1 Rea2 39. Rg1 Ra1 40. Rge1 Rb1 41. Qh4 Rxb3 42. Qd8+ Kh7 43. Qc8 Qc4 44. Qe8 Be4 45. e6 Qc6 46. Qg6+ Kh8 47. e7 Qxg6 48. hxg6 Re6 49. Rd4 Rxe7 50. Red1 Re6 51. Rxe4 fxe4 52. f5 Rb1 53. Kg3 c2 54. Rh1 b3 0-1

[Event "BAN Games 9th"]
[Site "Dhaka"]
[Date "2021.04.04"]
[Round "1.1"]
[White "Chowdhury, Sohel"]
[Black "Tutul, Dhar"]
[Result "1-0"]
[WhiteElo "2091"]
[BlackElo "1826"]
[PlyCount "91"]
[EventDate "2021.04.04"]
[EventType "team-swiss"]
[EventRounds "5"]
[EventCountry "BAN"]
[SourceTitle "CBM 202 Extra"]
[Source "ChessBase"]
[SourceDate "2021.07.31"]
[SourceVersion "1"]
[SourceVersionDate "2021.07.31"]
[SourceQuality "1"]
[WhiteTeam "Titas CC"]
[BlackTeam "Sylhet Division"]
[WhiteTeamCountry "BAN"]
[BlackTeamCountry "BAN"]

1. e4 e5 2. Nf3 Nc6 3. Bb5 Nf6 4. d3 d6 5. c3 Bd7 6. 0-0 h6 7. Re1 Be7 8. d4 exd4 9. cxd4 0-0 10. h3 Re8 11. Nc3 a6 12. Bc4 b5 13. Bb3 Na5 14. Bc2 c5 15. e5 dxe5 16. dxe5 Nh7 17. Bf4 Bc6 18. Qe2 Nf8 19. Rad1 Qc7 20. Nd5 Bxd5 21. Rxd5 Ne6 22. Qe4 g6 23. Bxh6 Rad8 24. Rxd8 Rxd8 25. Qg4 Kh7 26. Be3 Qc6 27. Be4 Qd7 28. h4 Ng7 29. Ng5+ Kg8 30. Qf3 Bxg5 31. Bxg5 Re8 32. Bf6 Nh5 33. Rd1 Qc7 34. Bd5 Nc4 35. Qg4 Nxe5 36. Bxe5 Rxe5 37. Qxg6+ Kf8 38. Qxa6 b4 39. Qh6+ Ke7 40. Qh7 Rxd5 41. Rxd5 Nf6 42. Qf5 Nxd5 43. Qxd5 c4 44. Qb5 Ke6 45. Qxb4 Qf4 46. Qc3 1-0

[Event "Dhaka Bangabandhu op-B"]
[Site "Dhaka"]
[Date "2021.03.15"]
[Round "7"]
[White "Israt, Jahan Diba"]
[Black "Tutul, Dhar"]
[Result "1-0"]
[WhiteElo "1558"]
[BlackElo "1871"]
[PlyCount "79"]
[EventDate "2021.03.09"]
[EventType "swiss"]
[EventRounds "9"]
[EventCountry "BAN"]
[SourceTitle "CBM 201 Extra"]
[Source "ChessBase"]
[SourceDate "2021.05.31"]
[SourceVersion "1"]
[SourceVersionDate "2021.05.31"]
[SourceQuality "1"]

1. e4 e5 2. Nf3 Nc6 3. Bc4 Be7 4. 0-0 Nf6 5. Re1 d6 6. h3 0-0 7. c3 h6 8. d4 exd4 9. Nxd4 Nxd4 10. cxd4 d5 11. exd5 Bb4 12. Nc3 a6 13. Qf3 b5 14. Bb3 Bb7 15. Qg3 Kh8 16. Bf4 Nxd5 17. Bxd5 Bxd5 18. Bxc7 Qd7 19. Re5 Bc6 20. Rh5 Rae8 21. Be5 f6 22. Bf4 Rf7 23. d5 Bb7 24. Qg6 Bf8 25. Rc1 f5 26. Rd1 b4 27. Nb1 Rf6 28. Rxh6+ gxh6 29. Qxf6+ Bg7 30. Qg6 Bxd5 31. Bxh6 Bxb2 32. Be3 Ra8 33. Qh6+ Kg8 34. Qg6+ Kh8 35. Bd4+ Bxd4 36. Rxd4 Qe7 37. Rxd5 Qe1+ 38. Kh2 Rf8 39. Rd7 Qe5+ 40. g3 1-0

[Event "Dhaka Bangabandhu op-B"]
[Site "Dhaka"]
[Date "2021.03.12"]
[Round "4"]
[White "Tutul, Dhar"]
[Black "Khondaker, Arafat"]
[Result "0-1"]
[WhiteElo "1871"]
[BlackElo "1644"]
[PlyCount "110"]
[EventDate "2021.03.09"]
[EventType "swiss"]
[EventRounds "9"]
[EventCountry "BAN"]
[SourceTitle "CBM 201 Extra"]
[Source "ChessBase"]
[SourceDate "2021.05.31"]
[SourceVersion "1"]
[SourceVersionDate "2021.05.31"]
[SourceQuality "1"]

1. d4 Nf6 2. Bf4 d6 3. Nf3 g6 4. c4 Bg7 5. Nc3 c6 6. e4 Bg4 7. Be2 Nbd7 8. 0-0 Bxf3 9. Bxf3 e5 10. Be3 0-0 11. Qd2 exd4 12. Bxd4 Ne5 13. Be2 c5 14. Be3 Qc7 15. Rad1 Rfd8 16. Bg5 Rd7 17. f4 Nc6 18. f5 Rf8 19. Bxf6 Bxf6 20. Nd5 Qd8 21. Bg4 g5 22. Qd3 Ne5 23. Qe2 Nxg4 24. Qxg4 Bd4+ 25. Rxd4 cxd4 26. f6 Kh8 27. Rf3 Rg8 28. Rh3 Rg6 29. Rh5 h6 30. h4 d3 31. hxg5 d2 32. Qe2 Qe8 33. Qxd2 Qxe4 34. Rxh6+ Rxh6 35. gxh6 Kh7 36. b3 Qg6 37. Qf4 Rd8 38. Ne7 Qxh6 39. Qe4+ Kh8 40. Qf5 Qh7 41. Qg5 a6 42. a4 Qb1+ 43. Kh2 Qh7+ 44. Kg3 Qd3+ 45. Kg4 Qe4+ 46. Kh5 Qh7+ 47. Kg4 Qe4+ 48. Kh5 Qh7+ 49. Kg4 Qe4+ 50. Kh5 b5 51. Qh6+ Qh7 52. Qxh7+ Kxh7 53. Nc6 bxc4 54. bxc4 Rc8 55. Nd4 Rc5+ 0-1

[Event "BAN-chT2 Borsho 2nd"]
[Site "Bangladesh"]
[Date "2021.01.25"]
[Round "6.3"]
[White "Tutul, Dhar"]
[Black "Mohammad Shafiqul, Islam"]
[Result "0-1"]
[WhiteElo "1844"]
[BlackElo "1611"]
[PlyCount "60"]
[EventDate "2021.01.20"]
[EventType "team-tourn"]
[EventRounds "9"]
[EventCountry "BAN"]
[SourceTitle "CBM 200 Extra"]
[Source "ChessBase"]
[SourceDate "2021.03.31"]
[SourceVersion "1"]
[SourceVersionDate "2021.03.31"]
[SourceQuality "1"]
[WhiteTeam "Latif Travels CC"]
[BlackTeam "Elegant Int CA Cha"]
[WhiteTeamCountry "BAN"]
[BlackTeamCountry "BAN"]

1. d4 Nf6 2. Bf4 g6 3. Nc3 d5 4. f3 c5 5. e3 a6 6. Nge2 Nc6 7. g4 Bg7 8. Bg2 cxd4 9. exd4 0-0 10. Qd2 Re8 11. 0-0-0 h5 12. h3 Qa5 13. Kb1 b5 14. Nc1 b4 15. N3e2 Qb5 16. Nd3 a5 17. Ne5 Ba6 18. Rhe1 Rec8 19. Ng3 h4 20. Bf1 Qb7 21. Bxa6 Rxa6 22. Ne2 a4 23. Rc1 Ne8 24. c4 Nxe5 25. dxe5 dxc4 26. Nd4 c3 27. Qc2 b3 28. Qe4 bxa2+ 29. Kc2 cxb2+ 30. Kd3 b1Q+ 0-1

[Event "BAN-chT2 Borsho 2nd"]
[Site "Bangladesh"]
[Date "2021.01.22"]
[Round "3.3"]
[White "Tutul, Dhar"]
[Black "Rahman, Md Ataur"]
[Result "1-0"]
[WhiteElo "1844"]
[BlackElo "1848"]
[PlyCount "111"]
[EventDate "2021.01.20"]
[EventType "team-tourn"]
[EventRounds "9"]
[EventCountry "BAN"]
[SourceTitle "CBM 200 Extra"]
[Source "ChessBase"]
[SourceDate "2021.03.31"]
[SourceVersion "1"]
[SourceVersionDate "2021.03.31"]
[SourceQuality "1"]
[WhiteTeam "Latif Travels CC"]
[BlackTeam "Tangail CC"]
[WhiteTeamCountry "BAN"]
[BlackTeamCountry "BAN"]

1. d4 Nf6 2. Bf4 g6 3. Nc3 d6 4. e4 Bg7 5. Qd2 0-0 6. 0-0-0 Re8 7. h4 Nbd7 8. Be2 e5 9. dxe5 Nxe5 10. h5 Bd7 11. hxg6 hxg6 12. Bh6 Bh8 13. Bg5 Bg7 14. Nh3 b5 15. Nf4 Qb8 16. Ncd5 Nxd5 17. Nxd5 Re6 18. Qf4 f6 19. Nxf6+ Rxf6 20. Bxf6 Qf8 21. Bxe5 Bxe5 22. Qxf8+ Rxf8 23. f3 a5 24. c3 c6 25. Kc2 Be6 26. b3 Ra8 27. a3 a4 28. bxa4 Rxa4 29. Ra1 Bc4 30. Bd3 Kg7 31. Rhb1 c5 32. Bxc4 Rxc4 33. Rb3 Kf6 34. Kd3 Kg5 35. a4 Rxa4 36. Rxa4 bxa4 37. Ra3 Kf4 38. Rxa4 Kg3 39. Ra2 g5 40. c4 Bd4 41. Rc2 Bf2 42. Re2 Bd4 43. Kc2 Kf4 44. Kb3 Kg3 45. Ka4 Kh2 46. Kb5 Kg1 47. Kc6 Kf1 48. Rd2 Be3 49. Ra2 Bf2 50. Kxd6 Kxg2 51. Rxf2+ Kxf2 52. e5 Kxf3 53. e6 g4 54. e7 g3 55. e8Q g2 56. Qh5+ 1-0

[Event "Dhaka Marcel 1st Division"]
[Site "Dhaka"]
[Date "2019.11.14"]
[Round "3.2"]
[White "Subhayan, Kundu"]
[Black "Tutul, Dhar"]
[Result "1-0"]
[WhiteElo "2269"]
[BlackElo "1844"]
[PlyCount "68"]
[EventDate "2019.11.12"]
[EventType "team-tourn"]
[EventRounds "9"]
[EventCountry "BAN"]
[SourceTitle "CBM 193 Extra"]
[Source "ChessBase"]
[SourceDate "2020.01.31"]
[SourceVersion "1"]
[SourceVersionDate "2020.01.31"]
[SourceQuality "1"]
[WhiteTeam "Leonine CC"]
[BlackTeam "Agrani Bank Daba Dal"]
[WhiteTeamCountry "BAN"]
[BlackTeamCountry "BAN"]

1. e4 e5 2. Nf3 Nc6 3. Bc4 Nf6 4. d3 Be7 5. 0-0 0-0 6. Re1 d6 7. a4 Bg4 8. h3 Bxf3 9. Qxf3 Nd4 10. Qd1 c5 11. c3 Nc6 12. Nd2 Qc7 13. Nf1 Rad8 14. Ne3 a6 15. g4 Qd7 16. Qf3 Kh8 17. a5 Rde8 18. Bb3 Bd8 19. Ba4 Qc8 20. Nc2 Re6 21. b4 cxb4 22. cxb4 Ne8 23. Be3 Rf6 24. Qg3 Rg6 25. f3 f5 26. exf5 Rxf5 27. d4 Nf6 28. dxe5 Nxe5 29. Nd4 Rxf3 30. Nxf3 Nfxg4 31. Rac1 Nxf3+ 32. Qxf3 Nxe3+ 33. Kh1 Qf5 34. Qxf5 Ng4 1-0

[Event "Dhaka Marcel 1st Division"]
[Site "Dhaka"]
[Date "2019.11.12"]
[Round "1.2"]
[White "Nasir, SAM"]
[Black "Tutul, Dhar"]
[Result "0-1"]
[WhiteElo "2002"]
[BlackElo "1844"]
[PlyCount "80"]
[EventDate "2019.11.12"]
[EventType "team-tourn"]
[EventRounds "9"]
[EventCountry "BAN"]
[SourceTitle "CBM 193 Extra"]
[Source "ChessBase"]
[SourceDate "2020.01.31"]
[SourceVersion "1"]
[SourceVersionDate "2020.01.31"]
[SourceQuality "1"]
[WhiteTeam "Dhaka Knight's CC"]
[BlackTeam "Agrani Bank Daba Dal"]
[WhiteTeamCountry "BAN"]
[BlackTeamCountry "BAN"]

1. Nf3 d5 2. g3 Nf6 3. Bg2 c5 4. 0-0 Nc6 5. b3 e6 6. Bb2 Be7 7. e3 0-0 8. d4 b6 9. c4 Ba6 10. Nbd2 Rc8 11. Ne5 cxd4 12. exd4 Qd6 13. f4 Rfd8 14. Rc1 Bb7 15. g4 g6 16. f5 Nxe5 17. dxe5 Qc5+ 18. Kh1 Ne4 19. Nxe4 dxe4 20. Qc2 Rd3 21. fxg6 fxg6 22. Rce1 Rcd8 23. Qf2 Qxf2 24. Rxf2 Rd2 25. Rxd2 Rxd2 26. Bc3 Rc2 27. Bd4 Bh4 28. Ra1 Rd2 29. Bc3 Re2 30. Kg1 Bf2+ 31. Kf1 Rc2 32. Rd1 Bh4 33. Be1 Bg5 34. Rd7 Bc6 35. Rd6 Be8 36. Bxe4 Rc1 37. Ke2 Ra1 38. Rxe6 Bd7 39. Rd6 Bxg4+ 40. Bf3 Rxa2+ 0-1